Education in East Central Europe educational changes after the fall of communism

Bibliographic Details
Other Authors: Karsten, Sjoerd (Editor), Majoor, Dominique (Editor)
Format: Book
Language:English
Published: Münster Waxamann c1994
Series:European studies in education
Subjects:

MARC

LEADER 00000nam a2200000 a 4500
001 vtls009356855
003 SK-MaSNL
005 20260301210934.0
008 251029s1994 gw n 000 0 eng
015 |a SNBZSA2009-00402 
020 |a 3893252592 (brož.) 
040 |a SNK  |b slo  |c SNK  |e AACR2 
041 0 |a eng 
044 |a gw  |c DE 
072 7 |a 37.014  |x Vzdelávacia a výchovná politika  |2 konspekt 
072 7 |a 371  |x Školstvo (organizácia)  |2 konspekt 
080 |a 37.014.3  |x (4-191.2)  |x (082)  |2 2001 
245 0 0 |a Education in East Central Europe  |b educational changes after the fall of communism  |c ed. by Sjoerd Karsten and Dominique Majoor 
260 |a Münster  |b Waxamann  |c c1994 
300 |a 177 s.  |c 21 cm 
490 1 |a European studies in education  |x 0946-6797  |v Vol. 1 
504 |a Bibliogr. s. 165 - 176 
650 0 7 |a školstvo  |2 snkph  |9 19712 
650 0 7 |a vzdelávanie  |2 snkph 
650 0 7 |a demokratizácia  |2 snkph  |9 3570 
651 7 |a Európa stredná  |2 snkph  |9 23970 
655 7 |a štúdie  |2 snkph  |9 57033 
655 7 |a zborníky  |2 snkph  |9 70165 
700 1 |a Karsten, Sjoerd  |4 edt  |9 595110 
700 1 |a Majoor, Dominique  |4 edt  |9 595111 
830 0 |a European studies in education  |9 595112 
919 |a 3-89325-259-2 
958 |a OND 
999 |c 915321  |d 917251 
952 |a SNK  |b SNK  |y PREZ  |7 0  |p 17A0605539  |o snkSC 134265  |i snk2009/1108  |8 2  |g 9.53  |0 0  |1 0  |4 0  |d 2008-11-04  |l 0  |r 2025-06-30 00:00:00  |w 2026-02-24